[Event "14th Master Open"]
[Site "Voronezh RUS"]
[Date "2010.06.15"]
[Round "4"]
[White "Krylov,M RUS"]
[Black "Zolotukhin,V"]
[Result "1-0"]
[WhiteElo "2530"]
[BlackElo "2358"]

1.d4 Nf6 2.c4 g6 3.Nf3 Bg7 4.g3 d6 5.Bg2 O-O 6.O-O Nc6 7.Nc3 a6 8.Re1 Rb8
9.Rb1 Na5 10.Qa4 c5 11.dxc5 Bd7 12.Qa3 Nxc4 13.Qb4 b5 14.cxb6 Nxb6 15.Qh4 Nbd5
16.Nxd5 Nxd5 17.Bh6 Rb4 18.e4 Nf6 19.a3 Ra4 20.Ng5 Qb6 21.Re3 Rc4 22.Rf3 Rc2
23.Rf1 Bb5 24.Bxg7 Kxg7 25.Rxf6 h6 26.Ne6+ fxe6 27.Rxf8 g5 28.Qh5 Kxf8 29.Qxh6+ Ke8
30.Qg6+ Kd7 31.Bh3 Bxf1 32.Qxe6+ Kc6 33.Qd7+ Kc5 34.Qf5+ e5 35.Bxf1 Rxb2
36.Qxg5 Rb1 37.Qe3+ Kc6 38.Qxb6+ Kxb6 39.h4 a5 40.h5 Kc5 41.g4 d5 42.g5 Rb7
43.g6 Rg7 44.Kg2 Kd6 45.Bd3 Rd7 46.Bb5 Rd8 47.h6 Rc8  1-0

[Event "14th Master Open"]
[Site "Voronezh RUS"]
[Date "2010.06.16"]
[Round "5"]
[White "Dubov,Danii"]
[Black "Korchmar,V"]
[Result "1-0"]
[WhiteElo "2416"]
[BlackElo "2191"]

1.d4 Nf6 2.c4 g6 3.Nf3 Bg7 4.g3 O-O 5.Bg2 d6 6.O-O Nc6 7.Nc3 a6 8.Qd3 e5
9.dxe5 dxe5 10.Qxd8 Rxd8 11.Bg5 Be6 12.Nd2 h6 13.Bxf6 Rxd2 14.Bxg7 Kxg7 15.Bxc6 bxc6
16.b3 Rad8 17.Rfd1 Rxd1+ 18.Rxd1 Rxd1+ 19.Nxd1 Kf6 20.Kf1 Ke7 21.Ke1 Kd6
22.Kd2 c5 23.Nc3 f5 24.f3 g5 25.e4 f4 26.g4 Bd7 27.Ne2 a5 28.Nc1 Bc6 29.Nd3 Be8
30.Ne1 Bc6 31.Ng2 Be8 32.Ke2 Bc6 33.h4 Be8 34.hxg5 hxg5 35.Kd2 Bc6 36.Ne1 Bd7
37.Nd3 Bc6 38.Kc3 Be8 39.Nf2 Ke6 40.a3 Bc6 41.Nd3 Kd6 42.b4 axb4+ 43.axb4 cxb4+
44.Kxb4 Be8 45.c5+ Ke6 46.Ka5 Bc6 47.Nb4 Kd7 48.Nd3 Ke6 49.Nb2 Kd7 50.Nc4 Ke6
51.Kb4 Be8 52.Na5 Kd7 53.c6+ Kd6 54.Nc4+ Kxc6 55.Nxe5+ Kd6 56.Nd3 Bc6 57.Nc5 Be8
58.Kc4 Ke5 59.Nd3+ Ke6 60.Kd4 Bb5 61.Nc5+ Ke7 62.Ke5 Be2 63.Kf5 Bxf3 64.Kxg5 Be2
65.Kxf4 Kd6 66.Na4 Bc4 67.e5+ Ke7 68.Nc5 Ba2 69.Kg5 Bb1 70.Kh6 Kf7 71.g5 Bf5
72.e6+ Ke8 73.g6  1-0

[Event "14th FIDE Open"]
[Site "Voronezh RUS"]
[Date "2010.06.19"]
[Round "7"]
[White "Smagin,N"]
[Black "Agibalov,Ilya"]
[Result "1-0"]
[WhiteElo "1971"]
[BlackElo "1741"]

1.d4 Nf6 2.c4 g6 3.Nf3 Bg7 4.g3 O-O 5.Bg2 d6 6.O-O c5 7.Nc3 a6 8.dxc5 dxc5
9.Qxd8 Rxd8 10.Be3 Nbd7 11.Rfd1 Re8 12.h3 b6 13.Rd2 Rb8 14.Rad1 Bb7 15.Rxd7 Nxd7
16.Rxd7 Bxc3 17.bxc3 Bc6 18.Ra7 Ra8 19.Rxa8 Bxa8 20.Ne5 Bxg2 21.Kxg2 Rd8
22.Nd3 e6 23.Bf4 Rd7 24.Be5 f5 25.a4 Kf7 26.a5 bxa5 27.Nxc5 Rd2 28.Kf3 Ke7
29.Nb3 Ra2 30.c5 a4 31.Na5 a3 32.c6 Rc2 33.c7 Kd7 34.Nc4 Rb2 35.Nxa3 a5 36.Nc4 Rb5  1-0

[Event "Open"]
[Site "Eforie Nord ROU"]
[Date "2010.06.20"]
[Round "3"]
[White "Dziuba,M"]
[Black "Moldovan,D"]
[Result "1/2-1/2"]
[WhiteElo "2576"]
[BlackElo "2423"]

1.d4 d6 2.Nf3 g6 3.c4 Bg7 4.g3 Nf6 5.Bg2 O-O 6.Nc3 Nbd7 7.O-O e5 8.e4 h6
9.h3 Nh7 10.Be3 Ng5 11.Nxg5 hxg5 12.d5 f5 13.exf5 gxf5 14.Qh5 g4 15.Bg5 Nf6
16.Qg6 gxh3 17.Bxh3 Qe8 18.Qxe8 Nxe8 19.f3 a6 20.a4 Kh7 21.a5 Kg6 22.Bd2 Nf6
23.Ra3 Rh8 24.Bg2 Bh6 25.Bxh6 Rxh6 26.Rb3 Kf7 27.Kf2 Ke7 28.Rh1 Rxh1 29.Bxh1 Nd7
30.Na4 Rb8 31.Bg2 Nc5 32.Nxc5  1/2-1/2

[Event "14th Master Open"]
[Site "Voronezh RUS"]
[Date "2010.06.21"]
[Round "9"]
[White "Airapetian,G"]
[Black "Kovalev,Vl"]
[Result "1-0"]
[WhiteElo "2429"]
[BlackElo "2334"]

1.d4 Nf6 2.Nf3 g6 3.c4 Bg7 4.g3 O-O 5.Bg2 d6 6.Nc3 c6 7.O-O Qa5 8.e4 e5 9.h3 exd4
10.Nxd4 Nbd7 11.Re1 Ne5 12.Bf1 Re8 13.Rb1 h5 14.b4 Qc7 15.f4 Ned7 16.Bg2 a5
17.a3 axb4 18.axb4 Nh7 19.Be3 Nb6 20.Qb3 Nf8 21.Bf2 Ne6 22.Nf3 Nf8 23.Nd4 Ne6
24.Nf3 Nf8 25.c5 dxc5 26.bxc5 Nbd7 27.e5 Ne6 28.Ne4 Qa5 29.Rec1 Re7 30.Qc4 Nc7
31.Nd6 Nd5 32.Ng5 Nf8 33.Nxc8 Rxc8 34.Ne4 Ne6 35.Nd6 Rcc7 36.Ra1 Qd2 37.Rc2 Qb4
38.Bxd5  1-0

[Event "Open"]
[Site "Eforie Nord ROU"]
[Date "2010.06.25"]
[Round "9"]
[White "Cosma,I"]
[Black "Fier,A"]
[Result "0-1"]
[WhiteElo "2420"]
[BlackElo "2581"]

1.d4 Nf6 2.Nf3 g6 3.c4 Bg7 4.g3 O-O 5.Bg2 d6 6.O-O Nbd7 7.Nc3 e5 8.h3 exd4
9.Nxd4 Nb6 10.b3 d5 11.c5 Nbd7 12.c6 Ne5 13.cxb7 Bxb7 14.Ba3 Re8 15.Rc1 Rc8
16.Na4 Ne4 17.Nc5 Nxc5 18.Bxc5 Nd7 19.e3 Nxc5 20.Rxc5 Bf8 21.Rc6 Bg7 22.Rc5 c6
23.Qd3 Bf8 24.Rc2 Qb6 25.Rd1 c5 26.Ne2 Ba6 27.Qd2 d4 28.Nf4 dxe3 29.fxe3 Bg7
30.Kh2 c4 31.Nd5 Qb8 32.bxc4 h5 33.h4 Be5 34.Qf2 Rxc4 35.Rxc4 Bxc4 36.Rc1 Bd3
37.e4 Kg7 38.Rd1 Bc4 39.Rc1 Bxd5 40.exd5 Qb4 41.Kh1 Qg4 42.Rf1 Qxg3 43.Qxg3 Bxg3
44.Rf3 Re1+ 45.Bf1 Bxh4 46.Kg2 Rd1 47.Bc4 Rd2+ 48.Kf1 Rd4 49.Rc3 Bf6 50.Rc2 g5
51.Bb3 Be5 52.Rc8 g4 53.Re8 Kf6  0-1

[Event "King's Gambit A"]
[Site "Lipetsk RUS"]
[Date "2010.06.27"]
[Round "5"]
[White "Airapetian,G"]
[Black "Gladyszev,O"]
[Result "1/2-1/2"]
[WhiteElo "2429"]
[BlackElo "2480"]

1.d4 Nf6 2.Nf3 g6 3.c4 Bg7 4.g3 O-O 5.Bg2 d6 6.Nc3 Nbd7 7.O-O c6 8.e4 e5
9.h3 Qb6 10.Re1 exd4 11.Nxd4 Ne8 12.Nb3 a5 13.Be3 Qb4 14.Nd4 a4 15.a3 Qa5
16.Qc2 Nef6 17.Rad1 Re8 18.f4 Nc5 19.Bf2 Nfd7 20.Bf1 Nb6 21.Kh2 Bd7 22.f5 Rad8
23.Nf3 Bc8 24.g4 Nbd7 25.Bh4 Ne5 26.Nd4 Rd7 27.Qg2 Ned3 28.Bxd3 Bxd4 29.Qd2 Nb3
30.Qh6 Bg7 31.Qe3 Bd4 32.Qh6 Bg7 33.Qe3 Bd4 34.Qf3 Bxc3 35.bxc3 Qxc3 36.Qf2 Nc5
37.Bb1 b6 38.Bg5 Ba6 39.Bc1 Qe5+ 40.Bf4 Qf6 41.Qd2 Bxc4 42.Bg5 Qe5+ 43.Bf4 Qf6
44.Bg5 Qe5+ 45.Bf4 Qf6  1/2-1/2

[Event "1st Open"]
[Site "Marrakesh MAR"]
[Date "2010.06.27"]
[Round "3"]
[White "Akhrouf,Lissan Dine"]
[Black "Sebbar,Ali"]
[Result "0-1"]
[WhiteElo "1499"]
[BlackElo "2290"]

1.d4 Nf6 2.c4 g6 3.Nf3 Bg7 4.g3 O-O 5.Bg2 d6 6.O-O c6 7.h3 Nbd7 8.Nc3 e5
9.e4 exd4 10.Nxd4 Nc5 11.Re1 a5 12.Bf4 Nh5 13.Be3 a4 14.Rb1 Re8 15.Qd2 Nf6
16.Qc2 Qa5 17.b4 axb3 18.axb3 Qb4 19.Qd2 Nfd7 20.f4 Nf8 21.e5 Bf5 22.Nxf5 gxf5
23.Qxd6 Qxc3 24.Qxc5 Ra2 25.Red1 Ne6 26.Qb6 Ra6 27.Rbc1 Qb2 28.Qxb7 Rea8
29.Bxc6 Bf8 30.Rb1 Qc3 31.Bf2 Bc5 32.Bf3 Bxf2+ 33.Kxf2 Ra2+ 34.Kg1 Nd4 35.Rf1  0-1

[Event "IsBank TCh-TUR"]
[Site "Konya TUR"]
[Date "2010.06.29"]
[Round "1"]
[White "Soylemez,C"]
[Black "Kaya,E"]
[Result "0-1"]
[WhiteElo "1935"]
[BlackElo "2006"]

1.d4 Nf6 2.c4 g6 3.Nf3 Bg7 4.g3 O-O 5.Bg2 d6 6.O-O c6 7.Nc3 Qa5 8.d5 cxd5
9.cxd5 Na6 10.e4 Bg4 11.h3 Bxf3 12.Qxf3 Rac8 13.Qe2 Nd7 14.Be3 Nac5 15.Rac1 a6
16.f4 b5 17.Qd2 b4 18.Ne2 Qxa2 19.Rb1 Qc4 20.Nd4 Nb3 21.Nxb3 Qxb3 22.Rf2 Nc5
23.Bd4 Qa2 24.Bxg7 Qxb1+ 25.Rf1 Qd3 26.Qxd3 Nxd3 27.Bxf8 Kxf8 28.Ra1 Nxb2
29.Rxa6 Rb8 30.e5 Nd3 31.Bf1 Nc5 32.Ra1 b3 33.Bc4 b2 34.Rb1 Ne4 35.Bd3 Nc3  0-1

[Event "IsBank TCh-TUR"]
[Site "Konya TUR"]
[Date "2010.06.30"]
[Round "3"]
[White "Esen,B"]
[Black "Selbes,T"]
[Result "1-0"]
[WhiteElo "2521"]
[BlackElo "2263"]

1.d4 Nf6 2.c4 g6 3.Nf3 Bg7 4.g3 O-O 5.Bg2 d6 6.O-O Nc6 7.Nc3 a6 8.Bf4 Bg4
9.Rc1 Bxf3 10.Bxf3 Nd7 11.Be3 e5 12.dxe5 Ndxe5 13.Bd5 Re8 14.b3 h5 15.Qd2 Qd7
16.Bg2 Rab8 17.Rfd1 h4 18.Bh6 hxg3 19.hxg3 Qf5 20.Bxg7 Kxg7 21.Qf4 Qxf4 22.gxf4 Nd7
23.e3 Nc5 24.Nd5 Ne6 25.Bh3 f5 26.Bg2 a5 27.c5 dxc5 28.Nxc7 Nxc7 29.Bxc6 Re7
30.Bf3 b6 31.Be2 Ne8 32.Bb5 Nf6 33.Rd3 Ne4 34.Rcd1 Rbb7 35.Kg2 Rbc7 36.Bc4 Nf6
37.Rd6 Red7 38.a4 Rxd6 39.Rxd6 Rb7 40.f3 Rb8 41.Kf2 Rb7 42.Re6 Ng8 43.Ba6 Rb8
44.e4 Nf6 45.e5 Nd5 46.Kg3 Nb4 47.Bb5 Nc2 48.Re7+ Kh6 49.Rd7 Nd4 50.Bc4 Re8
51.Rb7 g5 52.Rxb6+ Kg7 53.Rb7+ Kh8 54.fxg5 f4+ 55.Kg4 Rf8 56.g6 Nf5 57.Rh7+  1-0

[Event "King's Gambit A"]
[Site "Lipetsk RUS"]
[Date "2010.06.30"]
[Round "8"]
[White "Romanko,M"]
[Black "Gladyszev,O"]
[Result "1/2-1/2"]
[WhiteElo "2411"]
[BlackElo "2480"]

1.d4 Nf6 2.c4 g6 3.Nf3 Bg7 4.g3 O-O 5.Bg2 d6 6.O-O Nbd7 7.Nc3 e5 8.e4 c6
9.h3 Qb6 10.c5 dxc5 11.dxe5 Ne8 12.e6 fxe6 13.Ng5 Ne5 14.f4 Nf7 15.Nxf7 Bd4+
16.Kh2 Rxf7 17.e5 Qc7 18.Ne4 b6 19.Ng5 Re7 20.Be4 Ba6 21.Rh1 Ng7 22.Qc2 Nf5
23.h4 Rd8 24.h5 c4 25.hxg6 hxg6 26.Kh3 Kg7 27.Kg4 Rh8 28.Rxh8 Kxh8 29.Qh2+ Kg8
30.Bd2 Bxb2 31.Rh1 Bxe5 32.fxe5 Qxe5 33.Bf4 Qf6 34.Nf3 e5 35.Nxe5 Bc8 36.Kf3 g5
37.Qd2 Nd6 38.Nxc4 Ne8 39.Nd6 gxf4 40.Nxc8 fxg3+ 41.Qf4 Qc3+ 42.Kg2 Qb2+
43.Kh3 Qh8+ 44.Kxg3 Qg7+ 45.Kh2 Qb2+ 46.Bg2 Rh7+ 47.Kg1 Qa1+ 48.Qf1 Qd4+
49.Qf2 Qa1+ 50.Qf1 Qd4+ 51.Qf2  1/2-1/2

[Event "IsBank TCh-TUR"]
[Site "Konya TUR"]
[Date "2010.07.01"]
[Round "4"]
[White "Gelashvili,T"]
[Black "Can,E"]
[Result "1/2-1/2"]
[WhiteElo "2614"]
[BlackElo "2477"]

1.Nf3 Nf6 2.d4 g6 3.g3 Bg7 4.Bg2 O-O 5.c4 d6 6.O-O Nc6 7.d5 Na5 8.Qa4 c5
9.Bd2 b6 10.Bc3 Bd7 11.Qc2 Bf5 12.Qc1 Rb8 13.Nbd2 e5 14.Nh4 Bc8 15.b3 a6
16.e4 Nh5 17.Nhf3 Nb7 18.Qd1 f5 19.exf5 Bxf5 20.Ne1 Qc8 21.Ne4 Nf6 22.Nxf6+ Bxf6
23.Nc2 Nd8 24.Ne3 Bh3 25.Qe2 Rb7 26.Rab1 a5 27.a3 Re7 28.b4 axb4 29.axb4 Nf7
30.Bxh3 Qxh3 31.Ng4 Bg7 32.bxc5 bxc5 33.f4 h5 34.Nf2 Qd7 35.Ne4 exf4 36.Bxg7 Kxg7
37.Rxf4 Ne5 38.Rxf8 Kxf8 39.Ng5 Qg4 40.Qf2+ Kg7 41.Ne6+ Kh7 42.h3 Qf5 43.Qxf5 gxf5
44.Rf1 Kg6 45.Nf4+ Kh6 46.Ng2 Nxc4 47.Rxf5 Re5 48.Rf4 Ne3 49.Nxe3 Rxe3 50.Kf2 Rd3
51.Rf6+ Kg7 52.Rxd6 c4 53.Rc6 Rxd5 54.Rxc4 Rd3 55.Re4 Kg6 56.Re3 Rd5 57.Re6+ Kf5  1/2-1/2

[Event "IsBank TCh-TUR"]
[Site "Konya TUR"]
[Date "2010.07.01"]
[Round "4"]
[White "Tulay,B"]
[Black "Erbis,B"]
[Result "1-0"]
[WhiteElo "2163"]
[BlackElo "1950"]

1.d4 Nf6 2.Nf3 g6 3.c4 Bg7 4.g3 O-O 5.Bg2 d6 6.Nc3 Nbd7 7.O-O c5 8.d5 Nb6
9.Qd3 e6 10.e4 exd5 11.cxd5 a6 12.a4 Re8 13.h3 Rb8 14.Nd2 Qc7 15.Kh2 c4 16.Qc2 Nbd7
17.a5 b5 18.axb6 Nxb6 19.f4 h5 20.Nf3 Nfd7 21.Ng5 Nc5 22.f5 Be5 23.fxg6 fxg6
24.Be3 h4 25.Kh1 hxg3 26.Nf7 Nd3 27.Nh6+ Kh8 28.Rf7 Re7 29.Raf1 Bg7 30.Rxg7 Kxg7
31.Qd2 Ne5 32.Bg5 Re8 33.Bf6+  1-0

[Event "IsBank TCh-TUR"]
[Site "Konya TUR"]
[Date "2010.07.02"]
[Round "6"]
[White "Ozturk,Ku"]
[Black "Topel,Z"]
[Result "1-0"]
[WhiteElo "2273"]
[BlackElo "2226"]

1.d4 Nf6 2.Nf3 Ng8 3.Ng1 Nf6 4.Nf3 g6 5.g3 Bg7 6.Bg2 d6 7.c4 O-O 8.O-O Nbd7
9.Nc3 e5 10.e4 exd4 11.Nxd4 Nc5 12.h3 c6 13.Bf4 Nh5 14.Be3 Re8 15.b4 Ne6
16.Qd2 c5 17.Nc2 cxb4 18.Nxb4 Bd7 19.Rac1 Rc8 20.Nbd5 Rxc4 21.Bxa7 Qa5 22.Bb6 Qa8
23.Be3 Qa5 24.g4 Nhf4 25.Bxf4 Bxc3 26.Rxc3 Nxf4 27.Nf6+ Kh8 28.Qxf4 Qxc3
29.Nxd7 f5 30.Qxd6 fxg4 31.hxg4 Rc6 32.Qd5 Qg7 33.e5 Qe7 34.Qd4 Re6 35.Nb6 Rd8
36.Nd5 Qg5 37.Re1 h5 38.Qf4 Qxg4 39.Qh6+ Kg8 40.Nf6+  1-0

[Event "IsBank TCh-TUR"]
[Site "Konya TUR"]
[Date "2010.07.04"]
[Round "7"]
[White "Borovikov,V"]
[Black "Mamedov,Nid"]
[Result "1/2-1/2"]
[WhiteElo "2599"]
[BlackElo "2614"]

1.d4 Nf6 2.Nf3 g6 3.c4 Bg7 4.g3 O-O 5.Bg2 d6 6.O-O Nc6 7.Nc3 a6 8.Qd3 e5
9.dxe5 dxe5 10.Qxd8 Rxd8 11.Bg5 Re8 12.Nd5 Nxd5 13.cxd5 Nb4 14.e4 c6 15.a3 h6
16.Bd2 Nd3 17.dxc6 bxc6 18.b4 c5 19.Rfb1 cxb4 20.axb4 Bb7 21.Ne1 Nxe1 22.Bxe1 Bf8
23.Rc1 Rec8 24.f3 Rxc1 25.Rxc1 Rc8 26.Rxc8 Bxc8 27.Bf1 Bd6 28.b5 axb5 29.Bxb5 Kg7
30.Kg2 Be6  1/2-1/2

[Event "9th Open"]
[Site "La Fere FRA"]
[Date "2010.07.04"]
[Round "2"]
[White "Pytel,K"]
[Black "Feryn,A"]
[Result "1/2-1/2"]
[WhiteElo "2360"]
[BlackElo "2075"]

1.d4 Nf6 2.Nf3 g6 3.c4 Bg7 4.g3 O-O 5.Bg2 d6 6.O-O Nbd7 7.Qc2 e5 8.Rd1 Qe7
9.Nc3 c6 10.e4 exd4 11.Nxd4 Ne5 12.b3 Bg4 13.f3 c5 14.fxg4 cxd4 15.Rxd4 Nfxg4
16.Rd5 Qc7 17.h3 Nf6 18.Rd1 Nh5 19.g4 Nf6 20.Be3 Nfxg4 21.hxg4 Nxg4 22.Nd5 Nxe3
23.Nxe3 Qc5 24.Qf2 Bxa1 25.Rxa1 f5 26.exf5 Rae8 27.Ng4 Qxf2+ 28.Nxf2 Rxf5
29.Ne4 Rf4 30.Nxd6 Re2 31.Rf1 Rxf1+ 32.Kxf1 Rxa2 33.Bxb7 a5 34.c5 a4 35.bxa4 Rxa4
36.c6 Ra1+ 37.Kg2 Rc1 38.Nb5 Kf7 39.c7 Rxc7 40.Nxc7 Kf6 41.Kg3 Ke5 42.Bf3 Kd6
43.Nd5 Ke5 44.Kg4 h6 45.Bg2 Ke6 46.Kf4 Kd6 47.Ke4 Ke6 48.Bh3+ Kd6 49.Nf4 g5
50.Nh5 Ke7 51.Kf5 Kd6 52.Kg6 Ke5 53.Kxh6 g4 54.Bxg4 Ke4 55.Kg5 Ke5 56.Ng3 Kd4
57.Kf4 Kd5 58.Be2 Kd4 59.Nf5+ Kd5 60.Bd3 Ke6 61.Bc4+ Kf6 62.Nh4 Kg7 63.Kg5 Kh7
64.Nf5 Kh8 65.Kf6 Kh7 66.Nh4 Kh8 67.Nf3 Kh7 68.Ne5 Kh8 69.Bd3 Kg8 70.Kg6 Kh8
71.Nf7+ Kg8 72.Kf6 Kf8 73.Bh7 Ke8 74.Ne5 Kf8 75.Nd7+ Ke8 76.Ke6 Kd8 77.Kd6 Ke8
78.Bg6+ Kd8 79.Nf6 Kc8 80.Nd5 Kd8 81.Kc6 Kc8 82.Nc7 Kd8 83.Kd6 Kc8 84.Ne6 Kb7
85.Bd3 Kb6 86.Nf4 Ka5 87.Kc5 Ka4 88.Kc4 Ka3 89.Bb1 Kb2 90.Be4 Ka2 91.Kc3 Ka1
92.Nd5 Ka2 93.Nb4+ Ka1 94.Nc2+ Ka2 95.Bd5+ Kb1 96.Bc4 Kc1 97.Na3 Kd1 98.Nc2 Kc1
99.Ba2 Kd1 100.Nd4 Kc1 101.Ne2+ Kd1 102.Kd3 Ke1 103.Ke3 Kd1 104.Bb3+ Ke1
105.Nf4 Kf1  1/2-1/2

[Event "XII Open"]
[Site "Torredembarra ESP"]
[Date "2010.07.04"]
[Round "2"]
[White "Pozo Vera,S"]
[Black "Panella Navarro,S"]
[Result "1-0"]
[WhiteElo "2453"]
[BlackElo "2043"]

1.d4 Nf6 2.c4 g6 3.Nf3 Bg7 4.g3 O-O 5.Bg2 d6 6.O-O Nc6 7.Nc3 e5 8.d5 Ne7
9.c5 Ne8 10.cxd6 cxd6 11.e4 Bg4 12.Qb3 Bxf3 13.Bxf3 Qd7 14.Be2 f5 15.f3 fxe4
16.fxe4 Rxf1+ 17.Bxf1 Nf6 18.Be3 b6 19.Qb5 Qxb5 20.Bxb5 a6 21.Bd3 b5 22.h3 Nd7
23.b4 Rc8 24.Rc1 Nb8 25.Kf2 Bf6 26.Ke2 Rc7 27.Bb6 Rb7 28.Ba5 Kf8 29.a4 bxa4
30.Nxa4 Rd7 31.Rc7 Ke8 32.b5 Rxc7 33.Bxc7 axb5 34.Bxb5+  1-0

[Event "IsBank TCh-TUR"]
[Site "Konya TUR"]
[Date "2010.07.05"]
[Round "8"]
[White "Firat,Deniz"]
[Black "Temel,J"]
[Result "1-0"]
[WhiteElo "1621"]
[BlackElo "1938"]

1.d4 Nf6 2.c4 g6 3.Nf3 Bg7 4.g3 O-O 5.Bg2 d6 6.O-O c6 7.Nc3 Nbd7 8.h3 Nb6
9.b3 Bd7 10.Bb2 a5 11.e4 a4 12.e5 dxe5 13.dxe5 Ne8 14.c5 Nc8 15.Nxa4 Nc7
16.Qd2 Nd5 17.Rfd1 Qa5 18.Qxa5 Rxa5 19.Ng5 h6 20.Ne4 Be6 21.Nec3 Bxe5 22.Nxd5 Bxb2
23.Nxb2 cxd5 24.Bxd5 Bxd5 25.Rxd5 Nb6 26.Re5 Re8 27.Nd3 Nd7 28.Rd5 Nf6 29.Rd4 Rea8
30.a4 R5a6 31.Re1 e6 32.Nb4 Ra5 33.c6 bxc6 34.Nxc6 Rc5 35.Ne5 Rc2 36.Ng4 Nxg4
37.Rxg4 Rb2 38.Rb4 Rc8 39.a5 Ra8 40.Rb5 Ra2 41.b4 Ra4 42.Rc1 Kg7 43.Rb7 Kg8
44.Rb5 Ra2 45.Re1 Ra4 46.Rc1 Kg7 47.Rb7 Kg8 48.Rcc7 Ra1+ 49.Kg2 Rf8 50.Ra7 Ra4
51.b5 Rb8 52.b6 Rb4 53.b7  1-0

[Event "IsBank TCh-TUR"]
[Site "Konya TUR"]
[Date "2010.07.07"]
[Round "12"]
[White "Esen,B"]
[Black "Okay,I"]
[Result "1-0"]
[WhiteElo "2521"]
[BlackElo "1865"]

1.d4 Nf6 2.c4 g6 3.Nf3 Bg7 4.g3 O-O 5.Bg2 d6 6.O-O Nc6 7.Nc3 a6 8.Bf4 Nh5
9.Be3 Bd7 10.d5 Na5 11.Nd2 c5 12.dxc6 bxc6 13.Rc1 Rb8 14.b3 c5 15.Nf3 Nc6
16.Qd2 Re8 17.Bh6 Bh8 18.h3 Qc8 19.Kh2 Ng7 20.Ne1 Nf5 21.Bf4 Nb4 22.Nd3 Bc6
23.Nd5 a5 24.h4 Qb7 25.Be4 Nd4 26.e3 Ne6 27.Bh6 Nc7 28.Rfd1 Rbd8 29.N3f4 Ncxd5
30.cxd5 Bd7 31.a3 Na6 32.Qc2 f5 33.Bd3 Nc7 34.g4 Bg7 35.Bxg7 Kxg7  1-0

[Event "ch-Paris Int"]
[Site "Paris FRA"]
[Date "2010.07.07"]
[Round "5"]
[White "Cori,J"]
[Black "Rabineau,C"]
[Result "1-0"]
[WhiteElo "2486"]
[BlackElo "2305"]

1.d4 d6 2.Nf3 g6 3.g3 Bg7 4.Bg2 Nf6 5.c4 O-O 6.Nc3 Nbd7 7.O-O e5 8.e4 Re8
9.h3 c6 10.Re1 Qb6 11.Na4 Qc7 12.Nc3 Qb6 13.b3 exd4 14.Na4 Qd8 15.Nxd4 Nc5
16.Nc3 Qb6 17.Be3 Nfxe4 18.Nxe4 Nxe4 19.Ne6 Nc3 20.Qd2 Bxe6 21.Bxb6 axb6
22.a4 b5 23.cxb5 Nxb5 24.axb5 Rxa1 25.Rxa1 Bxa1 26.bxc6 bxc6 27.Bxc6 Rc8
28.Bd5 Bc3 29.Qd3 Bxd5 30.Qxd5 Rb8 31.g4 Be5 32.Qc4 Bb2 33.b4 h6 34.b5 Ba3
35.Qc6 Bc5 36.Kg2 Kg7 37.f4 Kf6 38.Kf3 Kg7 39.Ke4 Kf6 40.Kd5 Kg7 41.Kc4 Kf6
42.Qc7 Ra8 43.b6 Ra4+ 44.Kd3 Rd4+ 45.Ke2 Re4+ 46.Kf3 Re3+ 47.Kg2 Re2+ 48.Kf1 Rf2+
49.Ke1 Rxf4 50.b7 Re4+ 51.Kd2 Ba7 52.Qa5  1-0

[Event "ZDMI Open"]
[Site "Dresden GER"]
[Date "2010.07.11"]
[Round "2"]
[White "Sabejinski,S"]
[Black "Krockenberger,M"]
[Result "1-0"]
[WhiteElo "1860"]
[BlackElo "2219"]

1.d4 Nf6 2.c4 g6 3.g3 Bg7 4.Bg2 O-O 5.Nf3 d6 6.O-O Nc6 7.Nc3 a6 8.Bf4 Rb8
9.Rc1 Bd7 10.Qd2 b5 11.b3 bxc4 12.bxc4 Re8 13.d5 Na5 14.Qd3 Nb7 15.e4 Nc5
16.Qe2 e5 17.Bg5 h6 18.Bd2 Nh7 19.Rb1 f5 20.Rxb8 Qxb8 21.Rb1 Qd8 22.Nh4 Qf6
23.Be3 f4 24.Bxc5 dxc5 25.Bf3 h5 26.Rb7 Qd6 27.Ng2 Rf8 28.g4 g5 29.h4 Bc8
30.Rb3 Qd7 31.Qd2 hxg4 32.Bd1 Bh6 33.d6 cxd6 34.Nd5 Qe6 35.Nb6 f3 36.Nxc8 Rxc8
37.Rb6 Bf8 38.Ne3 gxh4 39.Nf5 h3 40.Ba4 Kh8 41.Nxd6 Rd8 42.Nf7+ Qxf7 43.Qxd8 g3
44.Qh4 h2+ 45.Kh1 g2+ 46.Kxh2 Qg7 47.Kg1 Qg5 48.Qxg5 Nxg5 49.Bd7 Nxe4 50.Bg4 Nd2
51.Rxa6 e4 52.Bf5 Be7 53.Re6 Bg5 54.Bxe4 Bf4 55.Bd5 Kg7 56.a4 Kf8 57.a5 Bb8
58.a6 Ba7 59.Rh6 Kg7 60.Rc6  1-0

[Event "ch-TUR w"]
[Site "Konya TUR"]
[Date "2010.07.11"]
[Round "4"]
[White "Firat,Deniz"]
[Black "Patel,Y"]
[Result "0-1"]
[WhiteElo "1621"]
[BlackElo "1806"]

1.d4 Nf6 2.c4 g6 3.Nf3 Bg7 4.g3 O-O 5.Bg2 d6 6.O-O Nbd7 7.Nc3 e5 8.e4 Re8
9.h3 c6 10.Be3 exd4 11.Nxd4 Nc5 12.Qc2 Qe7 13.Bg5 h6 14.Bxf6 Bxf6 15.Rad1 Ne6
16.Nxe6 Bxe6 17.b3 Bg7 18.Qd2 Red8 19.Rfe1 a6 20.Ne2 b5 21.cxb5 axb5 22.Rc1 Ra6
23.Rc2 Qa7 24.Rec1 c5 25.Nf4 Bd7 26.Re1 Bc6 27.Re2 b4 28.Nd3 Ra8 29.e5 Bxg2
30.Kxg2 Kh7 31.exd6 Rxd6 32.Qe3 Bd4 33.Qe7 Rd7 34.Qe4 Rad8 35.Nb2 Bc3 36.Na4 Rd4
37.Qe7 R8d7 38.Qxc5 Qb7+ 39.Kh2 Rd1 40.f3 Qxf3 41.Rg2 Bd4 42.Qc4 Rf1 43.Qe2 Qf6
44.Rd2 Re7 45.Qc4 Ree1  0-1

[Event "3rd Open"]
[Site "Paracin SRB"]
[Date "2010.07.12"]
[Round "4"]
[White "Kryakvin,D"]
[Black "Popovic,AM"]
[Result "1-0"]
[WhiteElo "2603"]
[BlackElo "2244"]

1.d4 Nf6 2.c4 g6 3.Nf3 Bg7 4.g3 O-O 5.Bg2 d6 6.O-O Nc6 7.Nc3 Bf5 8.b3 e5
9.d5 Nd4 10.Ne1 Bd7 11.Nd3 c5 12.dxc6 bxc6 13.e3 Nf5 14.Ba3 Re8 15.Qd2 e4
16.Nf4 Qa5 17.Bb2 Ng4 18.Rad1 Rad8 19.Nxe4 Qxd2 20.Rxd2 Nfxe3 21.fxe3 Nxe3
22.Bxg7 Kxg7 23.Re1 Nxg2 24.Nxg2  1-0

[Event "7th South Wales Int"]
[Site "Treforest WLS"]
[Date "2010.07.13"]
[Round "6"]
[White "Arkell,K"]
[Black "Zhou,Yang-Fan"]
[Result "1/2-1/2"]
[WhiteElo "2465"]
[BlackElo "2348"]

1.d4 Nf6 2.Nf3 g6 3.c4 Bg7 4.g3 O-O 5.Bg2 d6 6.O-O c6 7.Nc3 Qa5 8.e4 e5 9.d5 cxd5
10.Nxd5 Nxd5 11.Qxd5 Qxd5 12.cxd5 Bd7 13.Be3 Na6 14.Rfc1 Rfc8 15.Bf1 Nc5
16.Nd2 Bf6 17.f3 b5 18.b4 Na6 19.a3 Bd8 20.Nb3 Bb6 21.Kf2 Kf8 22.Bd3 Ke7
23.Ke2 Nc7 24.f4 Bxe3 25.Kxe3 f6 26.h4 Ne8 27.g4 a6 28.g5 Rxc1 29.Rxc1 Rc8
30.Rb1 Rc7 31.Kd2 f5 32.Re1 Ng7 33.fxe5 dxe5 34.Nc5 Bc8 35.h5 Nxh5 36.exf5 gxf5
37.Bxf5 Kd6 38.Bxc8 Rxc8 39.Rh1 Nf4 40.Rxh7 Kxd5 41.Rd7+ Kc4 42.Rd6 Rg8 43.Ne4 Rg6
44.Rxg6 Nxg6 45.Ke3 Ne7 46.Kf3 Kd5 47.Ke3 Kc4 48.Kf3  1/2-1/2

[Event "ch-TUR w"]
[Site "Konya TUR"]
[Date "2010.07.14"]
[Round "9"]
[White "Abdimanoglu,B"]
[Black "Patel,Y"]
[Result "0-1"]
[WhiteElo "1765"]
[BlackElo "1806"]

1.Nf3 Nf6 2.c4 g6 3.d4 Bg7 4.g3 O-O 5.Bg2 d6 6.O-O Nbd7 7.Nc3 e5 8.e4 c6
9.h3 Qb6 10.d5 cxd5 11.Nxd5 Nxd5 12.Qxd5 Nc5 13.Be3 Be6 14.Bxc5 dxc5 15.Qd3 Qb4
16.b3 b5 17.a3 bxc4 18.axb4 cxd3 19.bxc5 Bxb3 20.Nd2 Be6 21.Ra3 Rfd8 22.Rc3 Rac8
23.Rcc1 Bf8 24.c6 Bb4 25.Rfd1 Rd6 26.Bf1 Rcxc6 27.Rb1 a5 28.Nf3 d2 29.Nxe5 Rc3
30.Be2 Bb3 31.Rf1 Bc2 32.Ra1 Bxe4 33.Nc4 Rd4 34.Ne3 Bd3 35.Bxd3 Rdxd3 36.Kg2 h5
37.h4 Rc5 38.Kh2 Rdc3 39.Kg2 Rc1 40.Ra2 Rxf1 41.Kxf1 Rc1+ 42.Ke2 Re1+ 43.Kf3 Rxe3+  0-1

[Event "5th Nana Aleksandria Cup"]
[Site "Poti GEO"]
[Date "2010.07.14"]
[Round "4"]
[White "Shalamberidze,A"]
[Black "Khelaia,G"]
[Result "1/2-1/2"]
[WhiteElo "2348"]
[BlackElo "2115"]

1.Nf3 g6 2.c4 Bg7 3.d4 d6 4.g3 Nf6 5.Bg2 O-O 6.O-O Nc6 7.Nbd2 e5 8.d5 Ne7
9.e4 Nd7 10.b4 a5 11.bxa5 Nc5 12.Bb2 f6 13.Bc3 f5 14.exf5 Bxf5 15.Nb3 Na4
16.Rc1 Bg4 17.Ba1 e4 18.Bxg7 exf3 19.Bh1 Rf7 20.Ba1 Qd7 21.Re1 Raf8 22.Re4 h5
23.Qd2 Kh7 24.Rce1 Bh3 25.Qg5 Ng8 26.R4e3 Qg4 27.Qxg4 hxg4 28.Bd4 Nh6 29.Re6 Nf5
30.Ba1 Nc5 31.Nxc5 dxc5 32.Rb1 Nd6 33.Bc3 Ra8 34.a4  1/2-1/2

[Event "ZDMI Open"]
[Site "Dresden GER"]
[Date "2010.07.15"]
[Round "6"]
[White "Jojua,D"]
[Black "Rothe,G"]
[Result "1-0"]
[WhiteElo "2530"]
[BlackElo "2159"]

1.d4 Nf6 2.c4 g6 3.Nf3 Bg7 4.g3 O-O 5.Bg2 d6 6.O-O c6 7.Nc3 Nbd7 8.e4 e5
9.h3 a5 10.Rb1 exd4 11.Nxd4 Nc5 12.Be3 Qe7 13.Qc2 Re8 14.Rfe1 Bd7 15.Bf4 Nh5
16.Be3 Nf6 17.Nb3 Nxb3 18.axb3 b5 19.Rbd1 Rab8 20.Bf4 bxc4 21.bxc4 Qe6 22.Bxd6 Qxc4
23.Bxb8 Rxb8 24.Ra1 Qc5 25.Ra3 Nh5 26.Rea1 Bd4 27.Rxa5 Rb5 28.Rxb5 cxb5 29.Qd2 b4
30.Nd5 Kg7 31.Bf3 Nxg3 32.Kg2 Nxe4 33.Bxe4 Bf5 34.Bf3  1-0

[Event "2nd Open"]
[Site "Rethymno GRE"]
[Date "2010.07.15"]
[Round "4"]
[White "Maiorov,N1"]
[Black "Banikas,H"]
[Result "1/2-1/2"]
[WhiteElo "2532"]
[BlackElo "2591"]

1.d4 Nf6 2.c4 g6 3.Nf3 Bg7 4.g3 O-O 5.Bg2 d6 6.O-O Nbd7 7.Qc2 e5 8.Rd1 Qe7
9.Nc3 c6 10.b3 Re8 11.e4 exd4 12.Nxd4 Nc5 13.f3 Nfd7 14.Nce2 a5 15.Rb1 Ne5
16.h3 h5 17.Kh1 Nxf3 18.Nxf3 Nxe4 19.Kg1 Nf6 20.Nf4 Bf5 21.Nd3 Ne4 22.Re1 Qf8
23.Nh4 Nxg3 24.Bf4 Ne4 25.Nxf5 gxf5 26.Kh2 Re6 27.Bf3 h4 28.Rg1 Rae8 29.Rg2 Rg6
30.Rbg1 Ree6 31.Bh5 Rxg2+ 32.Rxg2 Kh7 33.Qc1 Qe7 34.Qf1 Qf6 35.Bd1 Qd4 36.Qf3 Rg6
37.Be2 Kg8 38.Be3 Qf6 39.Bc1 Ng5 40.Qf1 Ne6 41.Bd2 Rxg2+ 42.Kxg2 Nd4 43.Kh1 Qe6
44.Bf3 a4 45.Nf4 Qe5 46.bxa4 Nxf3 47.Qxf3 Qa1+ 48.Kg2 Qxa2 49.Qe2 Be5 50.Bc3 Qxa4
51.Bxe5 dxe5 52.Qxe5 Qxc4 53.Qxf5 b5 54.Qg5+ Kf8 55.Qd8+ Kg7 56.Kf3 b4 57.Qg5+  1/2-1/2

[Event "Open"]
[Site "Antakya TUR"]
[Date "2010.07.20"]
[Round "9"]
[White "Esen,B"]
[Black "Bagaturov,G"]
[Result "0-1"]
[WhiteElo "2418"]
[BlackElo "2447"]

1.d4 Nf6 2.c4 g6 3.Nf3 Bg7 4.g3 O-O 5.Bg2 d6 6.O-O Nc6 7.Nc3 e5 8.d5 Ne7
9.e4 Nd7 10.Ne1 f5 11.Nd3 Nf6 12.f4 fxe4 13.Nxe4 Nxe4 14.Bxe4 Bf5 15.Kg2 a5
16.Qb3 a4 17.Qxb7 a3 18.Qb3 Rb8 19.Qd1 Nxd5 20.Rf2 Re8 21.Rc2 Re6 22.Qf3 exf4
23.gxf4 Bh3+ 24.Kxh3 Nf6 25.Kg3 Nxe4+ 26.Kg2 Nd2 27.Qa8 Nf1 28.Kxf1  0-1